Loading...
An interactive guide to educational research: a modular approach
| Main Author: | |
|---|---|
| Format: | Printed Book |
| Language: | English |
| Published: |
Boston, Allyn and Bacon
1992 |
| Subjects: |
| LEADER | 005900000a22001930004500 | ||
|---|---|---|---|
| 020 | |a 0205133592 | ||
| 041 | |a eng | ||
| 082 | |a 370.78 N2 | ||
| 100 | |a Mueller, Delbert |9 119307 | ||
| 245 | |a An interactive guide to educational research: a modular approach | ||
| 260 | |a Boston, Allyn and Bacon | ||
| 260 | |a 1992 | ||
| 465 | |a D 23.50 | ||
| 650 | |a Education |9 119308 | ||
| 650 | |a Research |9 119309 | ||
| 650 | |a Research Methodology |9 119310 | ||
| 942 | |c BK | ||
| 999 | |c 167999 |d 167995 | ||
| 952 | |0 0 |1 0 |4 0 |7 0 |9 166428 |a SPS |b SPS |d 2019-04-16 |l 1 |p SPS00728 |q 2019-08-05 |r 2019-07-15 |s 2019-07-15 |w 2019-04-16 |y BK | ||